[Event "Mogliano Veneto op-A 34th"]
[Site "Mogliano Veneto"]
[Date "2013.04.25"]
[Round "1"]
[White "Brunelli, Giovanni"]
[Black "Sorbera, Giovanni"]
[Result "0-1"]
[WhiteElo "1968"]
[BlackElo "2168"]
[PlyCount "90"]
[EventDate "2013.04.25"]
[EventType "swiss"]
[EventRounds "6"]
[EventCountry "ITA"]
[SourceTitle "EXT 2015"]
[Source "ChessBase"]
[SourceDate "2014.11.20"]
[SourceVersion "1"]
[SourceVersionDate "2014.11.20"]
[SourceQuality "1"]

1. e4 c5 2. Nf3 Nc6 3. d4 cxd4 4. Nxd4 Nf6 5. Nc3 e5 6. Ndb5 d6 7. Bg5 a6 8. Na3 b5 9. Nd5 Be7 10. Bxf6 Bxf6 11. c3 Bg5 12. Be2 0-0 13. 0-0 Kh8 14. Nc2 f5 15. exf5 Bxf5 16. Nce3 Be6 17. Bg4 Bg8 18. Bf3 Rb8 19. Qd3 Bxe3 20. fxe3 Qh4 21. g3 Qc4 22. Qxc4 bxc4 23. b4 Rxf3 24. Rxf3 Bxd5 25. Rf2 Be6 26. Raf1 Kg8 27. e4 d5 28. exd5 Bxd5 29. Rd1 Ne7 30. Rfd2 Bf3 31. Rd8+ Rxd8 32. Rxd8+ Kf7 33. Rd6 Nd5 34. Kf2 Be4 35. Rxa6 Nxc3 36. Ke3 Bd3 37. Rc6 Nd5+ 38. Kd2 Nxb4 39. Rc7+ Ke6 40. a4 e4 41. Rxg7 Nd5 42. Rg8 c3+ 43. Kc1 e3 44. a5 e2 45. Re8+ Ne7 0-1

[Event "Verona Province-ch"]
[Site "Zevio Verona"]
[Date "2013.01.13"]
[Round "2"]
[White "Brunelli, Giovanni"]
[Black "Khachab, Ibrahim"]
[Result "0-1"]
[WhiteElo "1971"]
[BlackElo "1922"]
[PlyCount "78"]
[EventDate "2013.01.12"]
[EventType "swiss"]
[EventRounds "6"]
[EventCountry "ITA"]
[SourceTitle "EXT 2024"]
[Source "ChessBase"]
[SourceDate "2023.10.10"]
[SourceVersion "1"]
[SourceVersionDate "2023.10.10"]
[SourceQuality "1"]

1. e4 e6 2. d4 d5 3. exd5 exd5 4. Bd3 Bd6 5. Nc3 c6 6. Be3 Nf6 7. Qd2 0-0 8. 0-0-0 b5 9. f3 a5 10. Kb1 a4 11. Nce2 b4 12. Nc1 Ba6 13. Nge2 Bxd3 14. cxd3 Re8 15. Bg5 h6 16. Bf4 b3 17. a3 Na6 18. Bxd6 Qxd6 19. g4 Nh7 20. Ng3 Nc7 21. Nf5 Qf6 22. Ne2 Nb5 23. Nf4 g6 24. Nxh6+ Kg7 25. h4 Nxd4 26. Nf5+ Nxf5 27. gxf5 Qxf5 28. h5 g5 29. Rhg1 Kh6 30. Ne2 c5 31. f4 c4 32. Ng3 Qf6 33. fxg5+ Nxg5 34. Rdf1 Qe5 35. Nf5+ Kh7 36. Qxg5 Re6 37. d4 Qf6 38. Qg4 Rae8 39. Qg3 Re2 0-1

[Event "Trento op"]
[Site "Trento"]
[Date "2008.03.28"]
[Round "1"]
[White "Brunelli, Giovanni"]
[Black "Gromovs, Sergejs"]
[Result "0-1"]
[WhiteElo "1870"]
[BlackElo "2378"]
[PlyCount "44"]
[EventDate "2008.03.28"]
[EventType "swiss"]
[EventRounds "5"]
[EventCountry "ITA"]
[SourceTitle "EXT 2011"]
[Source "ChessBase"]
[SourceDate "2010.11.26"]
[SourceVersion "1"]
[SourceVersionDate "2010.11.26"]
[SourceQuality "1"]

1. e4 c5 2. Nf3 d6 3. d4 cxd4 4. Nxd4 Nf6 5. Nc3 a6 6. Bc4 e6 7. Bb3 Nbd7 8. 0-0 Nc5 9. Be3 Be7 10. f4 Qc7 11. Qf3 h5 12. h3 b5 13. e5 Bb7 14. Qg3 h4 15. Qg5 Nh5 16. Qg4 Nxb3 17. axb3 dxe5 18. Nxe6 Qc6 19. Nxg7+ Kf8 20. Nxh5 Rg8 21. Qxg8+ Kxg8 22. Rf2 Qg6 0-1

[Event "Milan Crespi op 25th"]
[Site "Milan"]
[Date "2004.12.05"]
[Round "2"]
[White "Brunelli, Giovanni"]
[Black "Cazzaniga, Walter"]
[Result "0-1"]
[WhiteElo "1978"]
[BlackElo "2077"]
[PlyCount "60"]
[EventDate "2004.12.04"]
[EventType "swiss"]
[EventRounds "9"]
[EventCountry "ITA"]
[SourceTitle "EXT 2007"]
[Source "ChessBase"]
[SourceDate "2006.11.23"]
[SourceVersion "1"]
[SourceVersionDate "2006.11.23"]
[SourceQuality "1"]

1. e4 e6 2. d4 d5 3. Nc3 Bb4 4. e5 c5 5. a3 Bxc3+ 6. bxc3 Ne7 7. f4 Nbc6 8. Nf3 Qa5 9. Bd2 Bd7 10. Be2 f6 11. 0-0 0-0-0 12. c4 Qc7 13. cxd5 Nxd5 14. c4 Nde7 15. dxc5 Nf5 16. Qa4 Ncd4 17. Qd1 Bc6 18. Kh1 Rd7 19. Qe1 Nc2 20. Ba5 Nxe1 21. Bxc7 Nxf3 22. Bxf3 Kxc7 23. Bxc6 Kxc6 24. exf6 gxf6 25. g4 Nd4 26. Rfe1 Kxc5 27. Rad1 Rhd8 28. h4 Nf3 29. Rxd7 Rxd7 30. Rxe6 Rd2 0-1

[Event "Corsico op 31st"]
[Site "Corsico"]
[Date "2004.10.02"]
[Round "2"]
[White "Brunelli, Giovanni"]
[Black "Brugo, Marco"]
[Result "1-0"]
[WhiteElo "1978"]
[BlackElo "1907"]
[PlyCount "81"]
[EventDate "2004.10.02"]
[EventType "swiss"]
[EventRounds "6"]
[EventCountry "ITA"]
[SourceTitle "EXT 2009"]
[Source "ChessBase"]
[SourceDate "2008.11.26"]
[SourceVersion "1"]
[SourceVersionDate "2008.11.26"]
[SourceQuality "1"]

1. e4 e6 2. d4 d5 3. Nd2 Nf6 4. e5 Nfd7 5. f4 c5 6. c3 Nc6 7. Ndf3 Be7 8. Bd3 cxd4 9. Nxd4 Nc5 10. Bc2 Nxd4 11. Qxd4 g6 12. Nf3 b6 13. Be3 Ba6 14. 0-0-0 Qc7 15. Nd2 0-0-0 16. Rhe1 Bb5 17. g4 Nd3+ 18. Bxd3 Bc5 19. Bxb5 Bxd4 20. Bxd4 Kb7 21. f5 gxf5 22. gxf5 Rhg8 23. fxe6 fxe6 24. Nf3 Rdf8 25. Rf1 Qg7 26. h4 h6 27. Rg1 Qf7 28. Rxg8 Rxg8 29. Rf1 Qf4+ 30. Kc2 Rg2+ 31. Kb3 Qe4 32. Ne1 Rg7 33. h5 Qg4 34. Nc2 Qxh5 35. Nb4 a5 36. Nc6 Kc7 37. Rf8 Rg2 38. Ne7 Qd1+ 39. Ka3 Qc2 40. Rc8+ Kb7 41. Bc6+ 1-0

[Event "Crema op 05th"]
[Site "Crema"]
[Date "2003.09.06"]
[Round "3"]
[White "Brunelli, Giovanni"]
[Black "Salami, Marco"]
[Result "0-1"]
[WhiteElo "1642"]
[BlackElo "2177"]
[PlyCount "86"]
[EventDate "2003.09.05"]
[EventType "swiss"]
[EventRounds "6"]
[EventCountry "ITA"]
[SourceTitle "EXT 2007"]
[Source "ChessBase"]
[SourceDate "2006.11.23"]
[SourceVersion "1"]
[SourceVersionDate "2006.11.23"]
[SourceQuality "1"]

1. e4 e6 2. d4 d5 3. e5 c5 4. c3 Nc6 5. a3 Qb6 6. Nf3 Bd7 7. Be2 Rc8 8. 0-0 c4 9. Nbd2 Na5 10. Rb1 Ne7 11. Qc2 Nb3 12. Nxb3 cxb3 13. Qd3 Nc6 14. Ng5 h6 15. Qh3 Be7 16. Bg4 0-0 17. Nf3 Rfe8 18. Be3 Na5 19. Nd2 Bb5 20. Rfe1 Bd3 21. Rbc1 Bc2 22. Bd1 Bh7 23. Qg3 Kh8 24. Bh5 Rf8 25. f4 Bxa3 26. bxa3 b2 27. Rb1 Rxc3 28. f5 Bxf5 29. Rf1 Rfc8 30. Rbe1 Nb3 31. Nb1 Rc1 32. Qf2 R8c2 33. Be2 Qa5 34. Rd1 Rxd1 35. Rxd1 Rc1 36. Qf1 Bxb1 37. Bxc1 bxc1Q 38. Rxc1 Nxc1 39. Qxc1 Bg6 40. Kf2 Kh7 41. Qb2 Qc7 42. g3 Qc2 43. Qb5 a6 0-1

[Event "Corsico op 28th"]
[Site "Corsico"]
[Date "2003.09.??"]
[Round "4"]
[White "Brunelli, Giovanni"]
[Black "Cereda, Loris"]
[Result "0-1"]
[WhiteElo "1711"]
[BlackElo "1890"]
[PlyCount "82"]
[EventDate "2003.10.04"]
[EventType "swiss"]
[EventRounds "7"]
[EventCountry "ITA"]
[SourceTitle "EXT 2005"]
[Source "ChessBase"]
[SourceDate "2004.11.15"]
[SourceVersion "1"]
[SourceVersionDate "2004.11.15"]
[SourceQuality "1"]

1. e4 e5 2. Nf3 Nc6 3. Bb5 a6 4. Ba4 Nf6 5. 0-0 Be7 6. d3 b5 7. Bb3 d6 8. a4 b4 9. h3 0-0 10. c3 bxc3 11. Nxc3 Na5 12. Bc2 c5 13. b3 Rb8 14. Rb1 h6 15. Be3 Be6 16. Nd2 Qd7 17. f4 exf4 18. Bxf4 Nc6 19. Be3 Ne5 20. Nc4 Ng6 21. a5 d5 22. exd5 Nxd5 23. Nxd5 Qxd5 24. Nb6 Qe5 25. Qd2 Bd6 26. Rfd1 Qh2+ 27. Kf1 Nh4 28. Bg1 Qe5 29. Re1 Qf6+ 30. Qf2 Nf5 31. g4 Bg3 32. Qf3 Bxe1 33. gxf5 Bxf5 34. Kxe1 Qc3+ 35. Kd1 Rfe8 36. Be3 Bxd3 37. Rc1 Bxc2+ 38. Ke2 Qd3+ 39. Kf2 Re6 40. Qg3 Rbe8 41. Bxc5 Re2+ 0-1

[Event "Bergamo op 1st"]
[Site "Bergamo"]
[Date "2002.07.28"]
[Round "5"]
[White "Gosio, Denis"]
[Black "Brunelli, Giovanni"]
[Result "1-0"]
[WhiteElo "2154"]
[BlackElo "1600"]
[PlyCount "71"]
[EventDate "2002.07.26"]
[EventType "swiss"]
[EventRounds "6"]
[EventCountry "ITA"]
[SourceTitle "EXT 2007"]
[Source "ChessBase"]
[SourceDate "2006.11.23"]
[SourceVersion "1"]
[SourceVersionDate "2006.11.23"]
[SourceQuality "1"]

1. e4 c5 2. Nf3 d6 3. d4 cxd4 4. Nxd4 Nf6 5. Nc3 a6 6. Be3 e6 7. Be2 Be7 8. 0-0 0-0 9. f4 Qc7 10. Kh1 b5 11. a3 Bb7 12. Bd3 Nbd7 13. Qf3 Nc5 14. Rae1 d5 15. e5 Nfe4 16. Bxe4 Nxe4 17. Nxe4 dxe4 18. Qg3 Rfd8 19. f5 Rd5 20. f6 Bf8 21. fxg7 Bxg7 22. c3 Kh8 23. Bf4 Rg8 24. Qh4 Rd7 25. Qh5 Qc4 26. Rg1 Qd5 27. Re3 f5 28. Rg3 Rdd8 29. Rh3 Bh6 30. Qxh6 Qd7 31. Bg5 Rxg5 32. Qxg5 Rg8 33. Qf6+ Qg7 34. Nxe6 Qxf6 35. exf6 e3 36. Rxe3 1-0

[Event "Bergamo op 1st"]
[Site "Bergamo"]
[Date "2002.07.26"]
[Round "1"]
[White "Chiaretti, Roberto"]
[Black "Brunelli, Giovanni"]
[Result "1-0"]
[WhiteElo "2199"]
[BlackElo "1600"]
[PlyCount "109"]
[EventDate "2002.07.26"]
[EventType "swiss"]
[EventRounds "6"]
[EventCountry "ITA"]
[SourceTitle "EXT 2007"]
[Source "ChessBase"]
[SourceDate "2006.11.23"]
[SourceVersion "1"]
[SourceVersionDate "2006.11.23"]
[SourceQuality "1"]

1. d4 e6 2. Nf3 b6 3. e4 Bb7 4. Bd3 d6 5. 0-0 Nf6 6. Qe2 Be7 7. e5 Nfd7 8. Bf4 0-0 9. Rd1 Re8 10. c4 Nf8 11. Nc3 a6 12. Rac1 Nbd7 13. Be4 Bxe4 14. Qxe4 f5 15. Qc6 Rc8 16. h3 Nb8 17. Qb7 Ng6 18. Bh2 Nh4 19. Nxh4 Bxh4 20. d5 Bg5 21. Rb1 Re7 22. c5 dxc5 23. dxe6 Qf8 24. Nd5 Rxe6 25. Nxc7 Re7 26. Qd5+ Kh8 27. Ne6 Rd7 28. Nxf8 Rxd5 29. Rxd5 Rxf8 30. Rd6 b5 31. Rbd1 Kg8 32. e6 Re8 33. R6d5 c4 34. Rxf5 Bf6 35. Be5 Bxe5 36. Rxe5 Nc6 37. Re4 Nb4 38. Rd6 a5 39. Rb6 Nxa2 40. Rxb5 c3 41. Rc4 cxb2 42. Rxb2 Nb4 43. Re2 Nd5 44. Re5 Nf6 45. Ra4 Ra8 46. Rexa5 Rxa5 47. Rxa5 Kf8 48. Ra7 Ne8 49. f4 Nd6 50. g4 h6 51. Kg2 Ne4 52. Kf3 Nf6 53. Rf7+ Kg8 54. Rxf6 gxf6 55. Ke4 1-0